| 000 | 00757nam a2200241Ia 4500 | ||
|---|---|---|---|
| 003 | OSt | ||
| 005 | 20230920143842.0 | ||
| 008 | 210716s9999 xx 000 0 und d | ||
| 020 | _a9789352138074 | ||
| 040 | _cAIMIT LIBRARY | ||
| 041 | _aeng | ||
| 082 |
_a005.13 _21 _bGRID |
||
| 100 |
_aGriffiths, Dawn. _9134265 |
||
| 245 |
_aHead first kotlin / _cBy Dawn Griffiths and David Griffiths. |
||
| 250 | _a1st ed. | ||
| 260 |
_aNew Delhi : _bShroff Publishers and Distributors Pvt Ltd , _c2019. |
||
| 300 |
_axxxii,448p. ; _bPB _c23 cm. |
||
| 650 |
_aGetting out of main _9134266 |
||
| 650 |
_aUsing your inheritance _9134267 |
||
| 650 |
_aSerious polymorphism _9134268 |
||
| 700 |
_aGriffiths, David. _9134269 |
||
| 942 |
_2ddc _cBK _e1st ed. _k005.13 GRID |
||
| 999 |
_c197112 _d197112 |
||